01343nam a2200349Ia 4500001001200000003000800012006001900020007001500039008004100054010001700095020001800112040002100130035002100151050002400172082001900196100002700215245014600242250001200388260004200400300002500442490002900467504005100496533015200547650002100699650001800720650003800738655002900776710001700805830002600822856012600848999001900974ebr10381070CaPaEBRm u cr cn|||||||||100212s2010 caua sb 001 0 eng d z 2010003897 z9780470541364 aCaPaEBRcCaPaEBR a(OCoLC)64791543414aHV41.2b.J62 2010eb04a658.15/2242221 aJohnson, Kevin,d1954-14aThe power of legacy and planned giftsh[electronic resource] :bhow nonprofits and donors work together to change the world /cKevin Johnson. a1st ed. aSan Francisco :bJossey-Bass,cc2010. axxvi, 310 p. :bill.1 aThe Chardon Press series aIncludes bibliographical references and index. aElectronic reproduction.bPalo Alto, Calif. :cebrary,d2011.nAvailable via World Wide Web.nAccess may be limited to ebrary affiliated libraries. 0aDeferred giving. 0aFund raising. 0aNonprofit organizationsxFinance. 7aElectronic books.2local2 aebrary, Inc. 0aChardon Press series.40uhttp://site.ebrary.com/lib/rucke/Doc?id=10381070zAn electronic book accessible through the World Wide Web; click to view c102345d102345